header

Societal learning and change (Record no. 74647)

MARC details
000 -LEADER
fixed length control field 01404nam a2200361 a 4500
082 04 - DEWEY DECIMAL CLASSIFICATION NUMBER
Classification number 303.4
100 1# - MAIN ENTRY--AUTHOR NAME
Personal name Waddell, Steve.
245 10 - TITLE STATEMENT
Title Societal learning and change
260 ## - PUBLICATION, DISTRIBUTION, ETC. (IMPRINT)
Place of publication Sheffield :
Name of publisher Greenleaf Pub.,
Year of publication 2005.
300 ## - PHYSICAL DESCRIPTION
Number of Pages 164 p. :
Other physical details ill., port.
650 #0 - SUBJECT ADDED ENTRY--TOPICAL TERM
Topical Term Social change.
Topical Term Social systems.
Topical Term Organizational learning.
Topical Term International relations.
856 40 - ELECTRONIC LOCATION AND ACCESS
Uniform Resource Identifier http://site.ebrary.com/lib/rucke/Doc?id=10650050

No items available.

© 2026 Rongo University
Contact us: librarian | system librarian | Rongo university